• 首页
  • 本馆介绍
  • 公告通知
  • 最新文献
  • 馆藏检索
  • 电子资源
  • 读者导购
  • 参考咨询
  • 我的图书馆
  • 登录
  • 详细信息显示
  • 放入我的书架
  • 预约/预借图书
  • 作者相关作品
  • 分类相关作品
  • 丛书相关作品
  • 出版社相关作品

书目信息

  • 表格格式
  • 工作单格式
  • 卡片格式
题名:
创造力
    
 
作者: 萨伯 , 莱特 著 ;李玲 译
分册:  
出版信息: 北京   九州出版社  2004
页数: 221页
开本: 24cm
丛书名:
单 册:
中图分类: B804.4 , B80
科图分类:
主题词: 创造性思维--通俗读物 , 创造性思维 , 思维科学
电子资源:
ISBN: 7-80195-124-7
000 01063nam0 2200301 450
001 0934651565
005 20090927094044.81
010    @a7-80195-124-7@dCNY30.00
100    @a20041209d2004 em y0chiy50 ea
101 1  @achi@ceng
102    @aCN@b110000
105    @aa z 000yy
106    @ar
200 1  @a创造力@e如何将不可能变为可能@f(美)特怀拉·萨伯(Twyla Tharp),(美)马克·莱特(Mark Reiter)著@g李玲译@Achuang zao li
210    @a北京@c九州出版社@d2004
215    @a221页@c图@d24cm
330    @a本书涵盖了为创造做好准备、使自己进入愉悦的工作状态、精通创造性领域的基础技能、摆脱惯性思维等方面,并配有30多道令人耳目一新的练习。
510 1  @aThe Creative Habit@zeng
606 0  @a创造性思维@j通俗读物
606 0  @a创造性思维
606 0  @a思维科学
690    @aB804.4@v4
690    @aB80@v4
701  0 @c(美)@a萨伯@c(Tharp, Twyla)@4著@Asa bo
701  0 @c(美)@a莱特@c(Reiter, Mark)@4著@Alai te
702  0 @a李玲@c(思维科学)@4译@Ali ling
801  0 @aCN@b大连网信软件有限公司图书馆·11@c20090927
905    @a10447@dB80@eJY8
    
    创造力:如何将不可能变为可能/(美)特怀拉·萨伯(Twyla Tharp),(美)马克·莱特(Mark Reiter)著/李玲译.-北京:九州出版社,2004
    221页:图;24cm
    
    
    ISBN 7-80195-124-7:CNY30.00
    本书涵盖了为创造做好准备、使自己进入愉悦的工作状态、精通创造性领域的基础技能、摆脱惯性思维等方面,并配有30多道令人耳目一新的练习。
●
相关链接 在E读中查询图书 在五车中查询图书 在当当中查询图书 在豆瓣中查询图书


正题名:创造力     索取号:B80/JY8         预约/预借

序号 登录号 条形码 馆藏地/架位号 状态 备注
1 7809968   278099683   学院路分馆/ [索取号:B80/JY8] 在馆    
2 7809969   278099692   学院路分馆/ [索取号:B80/JY8] 在馆    
3 7809970   278099709   学院路分馆/ [索取号:B80/JY8] 在馆    
4 7809971   278099718   学院路分馆/ [索取号:B80/JY8] 在馆    
唐山师范学院图书馆 欢迎您!
大连网信软件有限公司© 版权所有